000 00268pam a2200121 a 4500
020 _c
041 _aeng
100 _aNicor Hugs.
245 _aMicrobers By The Million
_hTextual Documents
260 _aNew York
_bPenguin Books Ltd
300 _a221p.
930 _a15310
999 _c92210
_d92210